000
00292nam a22001337a 4500
003
SGT
082
_a
617.41
_b
A14Y
100
_a
YADAV, DEEPAK
245
_a
ASTANGA HARDYA SUTRA-SAHANA
260
_a
VARANASI
_b
CHAUKHAMBHA PUB
_c
2014
300
_a
916
650
_a
AYURVEDA
942
_2
ddc
_c
BK
_0
5
999
_c
8746
_d
8746